| 000 | 00801nam a22002531c 4500 | ||
|---|---|---|---|
| 001 | a987664190 | ||
| 008 | 090708s2008 gw |||| 000u ger d | ||
| 041 | _ager | ||
| 100 | 1 | _aVajman, Dmitrij I. | |
| 245 | 0 | 0 |
_aNemeckie chutora Prikam'ja : _bistorija i tradicionnaja kul'tura (XX - načalo XXI v.) |
| 246 | 1 | 0 | _aDeutsche Einzelgehöfte der Prikamje Region : Geschichte und traditionelle Kultur im 20. und am Anfang des 21. Jahrhunderts |
| 264 |
_aSankt-Peterburg : _bMamatov, _c2008 |
||
| 300 | _a224 S. | ||
| 650 | 0 | _aDeutsche | |
| 650 | 0 | _aLandwirtschaft | |
| 651 | 0 | _aWolga | |
| 651 | 0 | _aKama | |
| 700 | 1 |
_aČernych, Aleksandr V. _eVerfasserIn |
|
| 710 | 2 | _aRAN / Ural'skoe otdelenie | |
| 710 | 2 | _aPermskij gos. univ. | |
| 942 | _cMG | ||
| 040 | _cRU-10907106 | ||
| 003 | RU-10907106 | ||
| 999 |
_c18264 _d18264 |
||